Concepts & Illusions A Perspective/ (Record no. 192083)

MARC details
000 -LEADER
fixed length control field 00530nam a22001817a 4500
005 - DATE AND TIME OF LATEST TRANSACTION
control field 20220912110411.0
010 ## - LCCN (DPL NO)
LC control number ENG-135017
020 ## - INTERNATIONAL STANDARD BOOK NUMBER
International Standard Book Number 9788184664423
Terms of availability 200.00
035 ## - SYSTEM CONTROL NUMBER
System control number EN-118549
037 ## - SOURCE OF ACQUISITION
Source of stock number/acquisition DBAD/PUB
082 ## - DEWEY DECIMAL CLASSIFICATION NUMBER
Classification number 181.499
100 ## - MAIN ENTRY--PERSONAL NAME
Personal name Oberoi, Sabina
245 ## - TITLE STATEMENT
Title Concepts & Illusions A Perspective/
Statement of responsibility, etc Sabina Oberoi
260 ## - PUBLICATION, DISTRIBUTION, ETC. (IMPRINT)
Place of publication, distribution, etc Punjab
Name of publisher, distributor, etc Radha Soami Satsang Beas
Date of publication, distribution, etc 2016
270 ## - ADDRESS
Address Dera Baba Jaimal Singh
City Punjab
Postal code 143204
300 ## - PHYSICAL DESCRIPTION
Extent ix, 190p.
Dimensions 22cm(pbk)
942 ## - ADDED ENTRY ELEMENTS (KOHA)
Source of classification or shelving scheme Dewey Decimal Classification
Item type English Books
Classification part 181.499
Call number suffix OBE
Holdings
Withdrawn status Lost status Not for loan Collection code Home library Current library Date acquired Source of acquisition Cost, normal purchase price Full call number Barcode Copy number Cost, replacement price Koha item type
      Non-fiction Shahdara Branch Shahdara Branch 12/09/2022 DBAD/PUB 200.00 181.499 OBE EN-118549 1 200.00 English Books

© Delhi Public Library
Hit Counter
free hit counter